Psychologie rozhodování (historie a východiska)

História ľudského rozhodovania - od antiky až po novovek. Formovanie teórie pravdepodobnosti. Vznik a rozvoj psychológie rozhodovania ako samostatnej teoreticko-výskumnej a aplikačnej oblasti. Problematika rozhodovania je v dnešnej dobe aplikačne a teoreticky sledovaná. Význam psychológie rozhodovan...

Ausführliche Beschreibung

Gespeichert in:
Bibliographische Detailangaben
1. Verfasser: Uhlář, Pavel
Format: Buchkapitel
Sprache:Tschechisch
Schlagworte:
Tags: Tag hinzufügen
Keine Tags, Fügen Sie das erste Tag hinzu!

MARC

LEADER 00000naa$a2200000$$$4500
001 0045516
005 20230426100551.5
041 0 |a cze 
044 |a CZ 
245 1 0 |a Psychologie rozhodování (historie a východiska)  |c Pavel Uhlář 
520 |a História ľudského rozhodovania - od antiky až po novovek. Formovanie teórie pravdepodobnosti. Vznik a rozvoj psychológie rozhodovania ako samostatnej teoreticko-výskumnej a aplikačnej oblasti. Problematika rozhodovania je v dnešnej dobe aplikačne a teoreticky sledovaná. Význam psychológie rozhodovania. 
610 2 0 |a psychológia 
610 2 0 |a rozhodovanie 
610 2 0 |a história 
610 2 0 |a teória pravdepodobnosti 
610 2 0 |a výskum 
610 2 0 |a výskum aplikovaný 
100 1 |a Uhlář, Pavel